| 000 | 00464nab a2200181 a 4500 | ||
|---|---|---|---|
| 005 | 20210219161308.0 | ||
| 008 | 991125s1985 mx 000 0 spa u | ||
| 035 | _aUPN01000182594 | ||
| 100 | 1 | _aGuerra Aguilera, Alejandro | |
| 222 | _aFIGURA/FONDO | ||
| 245 | _aMi experiencia con el aquí y ahora | ||
| 260 | _aMéxico | ||
| 300 | _a101-109 | ||
| 362 | 0 | _a2011 No. 29, mar.-jun. | |
| 653 | 0 | _aSUFISMO | |
| 653 | 0 | _aDESARROLLO HUMANO | |
| 905 | _aArticulo | ||
| 999 |
_c154697 _d154697 |
||